In memoriam, José Rodríguez Carracido / (Record no. 25091)

MARC details
000 -LEADER
campo de control de longitud fija 00538nam a2200181 i 4500
001 - NÚMERO DE CONTROL
campo de control 25091
003 - IDENTIFICADOR DE NÚMERO DE CONTROL
campo de control ES-MaACL
005 - FECHA Y HORA DE LA ÚLTIMA TRANSACCIÓN
campo de control 20230906153207.0
007 - CAMPO FIJO DE DESCRIPCIÓN FÍSICA--INFORMACIÓN GENERAL
campo de control de longitud fija t|
008 - DATOS DE LONGITUD FIJA--INFORMACIÓN GENERAL
campo de control de longitud fija 021220s1928 mx |||| |dlat d
100 1# - ENTRADA PRINCIPAL--NOMBRE DE PERSONA
Nombre de persona Aragón, Agustín.
9 (RLIN) 22170
245 10 - MENCIÓN DEL TÍTULO
Título In memoriam, José Rodríguez Carracido /
Mención de responsabilidad, etc. Agustín Aragón.
260 ## - PUBLICACIÓN, DISTRIBUCIÓN, ETC.
Lugar de publicación, distribución, etc. México :
Nombre del editor, distribuidor, etc. [s.n.,
Fecha de publicación, distribución, etc. 1928] (
Fabricante Imp. Murgia)
300 ## - DESCRIPCIÓN FÍSICA
Extensión 24 p. ;
Dimensiones 23 cm.
600 14 - PUNTO DE ACCESO ADICIONAL DE MATERIA--NOMBRE DE PERSONA
Nombre de persona Rodríguez Carracido, José,
Fechas asociadas al nombre 1856-1928
9 (RLIN) 98407
852 ## - LOCALIZACIÓN
Ubicación ES-MaACL
Número de control de estantería 1728-F-15
Holdings
Estatus retirado Estado de pérdida Estado de daño No para préstamo Colección Biblioteca de origen Biblioteca actual Ubicación en estantería Fecha de adquisición Fuente de adquisición Total de préstamos Signatura topográfica completa Código de barras Visto por última vez Precio de reemplazo Tipo de ítem Koha
        Colección de folletos Biblioteca del Ateneo de Madrid Biblioteca del Ateneo de Madrid Depósito folletos 17/01/2008     1728-F-15 1025869 23/02/2023 23/02/2023 Folleto